On-farm reservoir systems for rainfed ricelands
The book researches on the on-farm rainwater storage systems in Bangladesh, India, Indonesia and the Philippines, it determines their value in conserving rainwater, improving lan productivity, and the impact on farmer income
Đã lưu trong:
| 主要作者: | |
|---|---|
| 格式: | 圖書 |
| 語言: | Undetermined |
| 出版: |
Los Banos, Laguna
IRRI
1994
|
| 主題: | |
| 標簽: |
添加標簽
沒有標簽, 成為第一個標記此記錄!
|
| Thư viện lưu trữ: | Trung tâm Học liệu Trường Đại học Cần Thơ |
|---|
| LEADER | 00780nam a2200193Ia 4500 | ||
|---|---|---|---|
| 001 | CTU_30242 | ||
| 008 | 210402s9999 xx 000 0 und d | ||
| 082 | |a 631.7 | ||
| 082 | |b O.58 | ||
| 100 | |a IRRI | ||
| 245 | 0 | |a On-farm reservoir systems for rainfed ricelands | |
| 245 | 0 | |c IRRI | |
| 260 | |a Los Banos, Laguna | ||
| 260 | |b IRRI | ||
| 260 | |c 1994 | ||
| 520 | |a The book researches on the on-farm rainwater storage systems in Bangladesh, India, Indonesia and the Philippines, it determines their value in conserving rainwater, improving lan productivity, and the impact on farmer income | ||
| 650 | |a rain water ( water supply ),reservoirs,water conservation,water supply, agricultural | ||
| 904 | |i Minh, 990510 | ||
| 980 | |a Trung tâm Học liệu Trường Đại học Cần Thơ | ||